Market Driven Management Prescription for Survival in a Turbulent World

Gespeichert in:
Bibliographische Detailangaben
1. Verfasser: Ames, B. Charles
Weitere Verfasser: Hlavacek, James D.
Format: Buch
Sprache:Englisch
Veröffentlicht: Homewood IRWIN 1989
Ausgabe:1. ed.
Tags: Tag hinzufügen
Keine Tags, Fügen Sie das erste Tag hinzu!

MARC

LEADER 00000nam a2200000 4500
001 c027978
005 20221215114130.5
041 0 |a eng 
044 |a US 
245 1 0 |a Market Driven Management  |b Prescription for Survival in a Turbulent World  |c B. Charles Ames, James D. Hlavacek 
250 |a 1. ed. 
264 1 |a Homewood  |b IRWIN  |c 1989 
300 |a 186 s. 
100 1 |a Ames, B. Charles 
700 1 |a Hlavacek, James D.